Normal view
MARC view
Entry Personal Name
001 - CONTROL NUMBER
- control field: 56329
003 - CONTROL NUMBER IDENTIFIER
- control field: dpl
005 - DATE AND TIME OF LATEST TRANSACTION
- control field: 20230912113316.0
008 - FIXED-LENGTH DATA ELEMENTS
- fixed length control field: 230912|| aca||aabn | a|a d
040 ## - CATALOGING SOURCE
- Original cataloging agency: dpl
- Transcribing agency: dpl
100 ## - HEADING--PERSONAL NAME
- Personal name: محمد فا ر و ق خا ن
670 ## - SOURCE DATA FOUND
- Source citation: Work cat.: (dpl)146781: محمد فا ر و ق خا ن , کلا م نبو ت / , v-2016,v-2 2014,v.3 2014,v.4 2014,v.5 2013,v.6 2014,v.-7 2014
